[Event "Kingston Canada zt"]
[Site "Kingston"]
[Date "2022.04.15"]
[Round "4"]
[White "Jung, Hans Rudolf"]
[Black "Palsson, Halldor Peter"]
[Result "1/2-1/2"]
[WhiteElo "2031"]
[BlackElo "1833"]
[PlyCount "111"]
[EventDate "2022.04.13"]
[EventType "swiss"]
[EventRounds "9"]
[EventCountry "CAN"]
[SourceTitle "CBM 207 Extra"]
[Source "ChessBase"]
[SourceDate "2022.05.31"]
[SourceVersion "1"]
[SourceVersionDate "2022.05.31"]
[SourceQuality "1"]

1. Nc3 e6 2. Nf3 d5 3. d3 Nf6 4. a3 Be7 5. Bd2 c5 6. e4 d4 7. Ne2 Nc6 8. g3 e5 9. Bg2 Bg4 10. h3 Be6 11. 0-0 Nd7 12. Nxe5 Ndxe5 13. f4 f6 14. fxe5 fxe5 15. Kh2 Qd7 16. Ng1 0-0-0 17. Nf3 h6 18. b4 Bd6 19. bxc5 Bxc5 20. Bb4 Bb6 21. Nh4 Kb8 22. Bd2 g5 23. Nf5 Rdg8 24. a4 h5 25. Rb1 Rh7 26. Rb5 Bc7 27. Qa1 Nd8 28. Rfb1 Qc6 29. Qa3 Qa6 30. Ne7 Bd6 31. Bb4 Bxb4 32. Qxb4 Re8 33. Nd5 Bd7 34. Ra5 Qc6 35. Rb5 Qa6 36. Ra5 Qc6 37. Qd2 Rg7 38. Rab5 Qa6 39. Ra5 Qc6 40. Rab5 Qa6 41. R5b4 Re6 42. Qf2 Rf7 43. Rxb7+ Qxb7 44. Rxb7+ Kxb7 45. Qe2 g4 46. Qd2 Nc6 47. Qc1 Rg6 48. h4 Kc8 49. Kg1 Kd8 50. Qa3 Re6 51. Qc5 Bc8 52. c3 dxc3 53. Qxc3 Rg6 54. Qc4 Ke8 55. Qc5 Kd8 56. Qc4 1/2-1/2

[Event "Saint Louis SPICE Cup op 7th"]
[Site "Saint Louis"]
[Date "2013.10.19"]
[Round "8"]
[White "Rodriguez, Eric"]
[Black "Jung, Hans Rudolf"]
[Result "1-0"]
[WhiteElo "2307"]
[BlackElo "2122"]
[PlyCount "65"]
[EventDate "2013.10.15"]
[EventType "swiss"]
[EventRounds "9"]
[EventCountry "USA"]
[SourceTitle "EXT 2014"]
[Source "ChessBase"]
[SourceDate "2013.11.20"]
[SourceVersion "1"]
[SourceVersionDate "2013.11.20"]
[SourceQuality "1"]

1. e4 d6 2. d4 e5 3. Nf3 Nd7 4. Bc4 Be7 5. dxe5 Nxe5 6. Nxe5 dxe5 7. Qh5 g6 8. Qxe5 Nf6 9. Bh6 Qd6 10. Qxd6 cxd6 11. Nc3 a6 12. f3 Be6 13. Bxe6 fxe6 14. 0-0-0 Kf7 15. Rd2 b5 16. Rhd1 Rhd8 17. Bf4 Ne8 18. Kb1 Rac8 19. Be3 Rc6 20. Ne2 Rdc8 21. h4 Nf6 22. Bf4 d5 23. Nd4 Rc4 24. exd5 Nxd5 25. Bg5 Bxg5 26. hxg5 Ne3 27. Re1 Nxg2 28. Rxe6 Kg8 29. Re4 Rd8 30. c3 b4 31. Rxg2 bxc3 32. bxc3 Rxc3 33. Rc2 1-0

[Event "Saint Louis SPICE Cup op 7th"]
[Site "Saint Louis"]
[Date "2013.10.15"]
[Round "1"]
[White "Jung, Hans Rudolf"]
[Black "Panjwani, Raja"]
[Result "0-1"]
[WhiteElo "2122"]
[BlackElo "2422"]
[PlyCount "56"]
[EventDate "2013.10.15"]
[EventType "swiss"]
[EventRounds "9"]
[EventCountry "USA"]
[SourceTitle "EXT 2014"]
[Source "ChessBase"]
[SourceDate "2013.11.20"]
[SourceVersion "1"]
[SourceVersionDate "2013.11.20"]
[SourceQuality "1"]

1. Nc3 c5 2. e4 e6 3. Nf3 Nc6 4. Bb5 Nge7 5. 0-0 Ng6 6. Re1 Be7 7. d4 cxd4 8. Nxd4 0-0 9. Bf1 a6 10. Be3 Qc7 11. Qh5 b5 12. Nf3 f6 13. Rad1 Nce5 14. Nh4 Bb7 15. Bd3 f5 16. Nxg6 hxg6 17. Qh3 f4 18. Bc1 g5 19. Qh5 g6 20. Qe2 Bc5 21. Qf1 Kg7 22. Be2 g4 23. Kh1 f3 24. Bd3 fxg2+ 25. Qxg2 Nxd3 26. cxd3 Rxf2 27. Qg3 Qxg3 28. hxg3 Rh8+ 0-1

[Event "Saint Louis SPICE Cup op 6th"]
[Site "Saint Louis"]
[Date "2012.10.18"]
[Round "5"]
[White "Banawa, Jouaquin"]
[Black "Jung, Hans Rudolf"]
[Result "1-0"]
[WhiteElo "2300"]
[BlackElo "2150"]
[PlyCount "57"]
[EventDate "2012.10.16"]
[EventType "swiss"]
[EventRounds "9"]
[EventCountry "USA"]
[SourceTitle "EXT 2013"]
[Source "ChessBase"]
[SourceDate "2012.11.22"]
[SourceVersion "1"]
[SourceVersionDate "2012.11.22"]
[SourceQuality "1"]

1. d4 d6 2. Nf3 Nf6 3. c4 Bg4 4. Nc3 Bxf3 5. exf3 e5 6. Be3 exd4 7. Bxd4 Nc6 8. Be3 Qd7 9. Qd2 Be7 10. 0-0-0 0-0-0 11. g4 Kb8 12. g5 Nh5 13. Nd5 g6 14. f4 f5 15. Bg2 Ng7 16. Nxe7 Qxe7 17. Bxc6 bxc6 18. Rhe1 Qf7 19. Qb4+ Kc8 20. Bxa7 Rhe8 21. Be3 Re4 22. b3 Rde8 23. a4 Kd7 24. a5 Qg8 25. a6 Ra8 26. f3 Rxe3 27. Rxe3 Ne6 28. Rde1 Nc5 29. a7 1-0

[Event "Toronto Thanksgiving op"]
[Site "Toronto"]
[Date "2011.10.09"]
[Round "5"]
[White "Jung, Hans Rudolf"]
[Black "Inigo, Aquino"]
[Result "1/2-1/2"]
[WhiteElo "2298"]
[BlackElo "2154"]
[PlyCount "71"]
[EventDate "2011.10.08"]
[EventType "swiss"]
[EventRounds "6"]
[EventCountry "CAN"]
[SourceTitle "EXT 2022"]
[Source "ChessBase"]
[SourceDate "2021.10.06"]
[SourceVersion "1"]
[SourceVersionDate "2021.10.06"]
[SourceQuality "1"]

1. Nc3 d5 2. e4 dxe4 3. Nxe4 e6 4. d4 Be7 5. Bd3 Nf6 6. c3 0-0 7. Qc2 Nxe4 8. Bxe4 h6 9. Nf3 Nd7 10. Qe2 Nf6 11. Bc2 b6 12. Ne5 Bb7 13. 0-0 c5 14. Be3 Qc7 15. f4 cxd4 16. Bxd4 Bc5 17. Bxc5 Qxc5+ 18. Kh1 Rad8 19. Rad1 Qc7 20. Rfe1 Rxd1 21. Rxd1 Rd8 22. Bb3 Rxd1+ 23. Qxd1 Ne4 24. Qd4 Qd6 25. f5 Qxd4 26. cxd4 exf5 27. Bxf7+ Kf8 28. Be6 Nd6 29. Ng6+ Ke8 30. d5 Bc8 31. Kg1 Bxe6 32. dxe6 Ne4 33. Nh4 Nd6 34. Ng6 Ne4 35. Nh4 Nd6 36. Ng6 1/2-1/2

[Event "CAN-ch"]
[Site "Guelph"]
[Date "2011.05.07"]
[Round "2"]
[White "Jung, Hans Rudolf"]
[Black "Anastasovski, Nikola"]
[Result "1-0"]
[WhiteElo "2139"]
[BlackElo "2110"]
[PlyCount "80"]
[EventDate "2011.05.06"]
[EventType "swiss"]
[EventRounds "9"]
[EventCountry "CAN"]
[SourceTitle "CBM 142 Extra"]
[Source "ChessBase"]
[SourceDate "2011.06.27"]
[SourceVersion "1"]
[SourceVersionDate "2011.06.27"]
[SourceQuality "1"]

1. e4 e5 2. Nf3 Nc6 3. Bc4 Nf6 4. Ng5 d5 5. exd5 Na5 6. Bb5+ c6 7. dxc6 bxc6 8. Be2 h6 9. Nh3 Bd6 10. d3 0-0 11. Nc3 Nd5 12. Bf3 Be6 13. Ng1 f5 14. Nge2 Qc7 15. Bxd5 Bxd5 16. 0-0 f4 17. f3 Rad8 18. Kh1 Nb7 19. Qe1 Rf5 20. Ne4 Bxe4 21. dxe4 Rg5 22. Bd2 Bc5 23. Bb4 Bb6 24. Rd1 Re8 25. Qd2 Qf7 26. Qd7 Qh5 27. Ng1 Qg6 28. Qxb7 Rxg2 29. Qd7 Re6 30. Qxe6+ Qxe6 31. Kxg2 Qxa2 32. Bc3 Qe6 33. Kh1 Be3 34. Rd8+ Kh7 35. Rfd1 c5 36. R8d5 Bd4 37. Bxd4 cxd4 38. c3 dxc3 39. bxc3 Qe7 40. c4 Qc7 1-0

[Event "CAN-ch"]
[Site "Guelph"]
[Date "2011.05.06"]
[Round "1"]
[White "Noritsyn, Nikolay"]
[Black "Jung, Hans Rudolf"]
[Result "1-0"]
[WhiteElo "2419"]
[BlackElo "2139"]
[PlyCount "97"]
[EventDate "2011.05.06"]
[EventType "swiss"]
[EventRounds "9"]
[EventCountry "CAN"]
[SourceTitle "CBM 142 Extra"]
[Source "ChessBase"]
[SourceDate "2011.06.27"]
[SourceVersion "1"]
[SourceVersionDate "2011.06.27"]
[SourceQuality "1"]

1. e4 c5 2. Nf3 e6 3. c3 d5 4. e5 Nc6 5. d4 Qb6 6. a3 Bd7 7. b4 cxd4 8. cxd4 Rc8 9. Be3 Nge7 10. Bd3 Nf5 11. 0-0 Be7 12. Bxf5 exf5 13. Nc3 Be6 14. Qd3 0-0 15. h4 f6 16. Ne2 Qd8 17. Nf4 Qd7 18. Rad1 a5 19. b5 Na7 20. Bd2 Rc4 21. Rfe1 Re8 22. Nxe6 Qxe6 23. exf6 Qxf6 24. Bg5 Qd6 25. Bxe7 Rxe7 26. Rxe7 Qxe7 27. Qxf5 Rc3 28. Ng5 g6 29. Qxd5+ Kh8 30. Qe5+ Qxe5 31. dxe5 Nxb5 32. Rd8+ Kg7 33. Rd7+ Kg8 34. a4 Nc7 35. Nxh7 Rc1+ 36. Kh2 Rc4 37. g3 Ne6 38. Re7 Ng7 39. Nf6+ Kf8 40. Rxb7 Rxa4 41. Nh7+ Kg8 42. Ng5 Nf5 43. e6 Ra2 44. Ne4 Kf8 45. Rf7+ Ke8 46. h5 Re2 47. h6 Rxe4 48. h7 Rxe6 49. Ra7 1-0

[Event "Kitchener Winter op"]
[Site "Kitchener"]
[Date "2011.03.12"]
[Round "2"]
[White "Grigorescu, Laurentiu"]
[Black "Jung, Hans Rudolf"]
[Result "0-1"]
[WhiteElo "2080"]
[BlackElo "2118"]
[PlyCount "60"]
[EventDate "2011.03.12"]
[EventType "swiss"]
[EventRounds "5"]
[EventCountry "CAN"]
[SourceTitle "EXT 2022"]
[Source "ChessBase"]
[SourceDate "2021.10.06"]
[SourceVersion "1"]
[SourceVersionDate "2021.10.06"]
[SourceQuality "1"]

1. d4 d5 2. Nf3 Nc6 3. Bf4 Bg4 4. c3 a6 5. Nbd2 e6 6. e3 Bd6 7. Bxd6 cxd6 8. Qa4 Nge7 9. Be2 0-0 10. h3 Bxf3 11. Nxf3 e5 12. dxe5 dxe5 13. Rd1 b5 14. Qh4 Qc7 15. Qg3 f5 16. Qh2 f4 17. exf4 Rxf4 18. 0-0 h6 19. Ne1 Raf8 20. Nd3 R4f6 21. Bg4 Qa7 22. Qg3 e4 23. Nc1 Nf5 24. Bxf5 Rxf5 25. Qe3 Qf7 26. Ne2 Ne5 27. Nd4 Rg5 28. f4 exf3 29. Nxf3 Nxf3+ 30. Rxf3 Qxf3 0-1

[Event "Kitchener Winter op"]
[Site "Kitchener"]
[Date "2011.03.12"]
[Round "3"]
[White "Jung, Hans Rudolf"]
[Black "Kleinman, Michael"]
[Result "1-0"]
[WhiteElo "2118"]
[BlackElo "2170"]
[PlyCount "83"]
[EventDate "2011.03.12"]
[EventType "swiss"]
[EventRounds "5"]
[EventCountry "CAN"]
[SourceTitle "EXT 2022"]
[Source "ChessBase"]
[SourceDate "2021.10.06"]
[SourceVersion "1"]
[SourceVersionDate "2021.10.06"]
[SourceQuality "1"]

1. e4 c5 2. Nf3 d6 3. Bb5+ Bd7 4. Bxd7+ Qxd7 5. 0-0 Nf6 6. Qe2 g6 7. e5 dxe5 8. Nxe5 Qc7 9. Nc3 a6 10. d3 Nbd7 11. Bf4 Nh5 12. Nd5 Qd6 13. Nxd7 Nxf4 14. N7f6+ Kd8 15. Nxf4 exf6 16. Qf3 Rc8 17. Rfe1 Rc6 18. Nd5 f5 19. Rab1 Qd7 20. c4 Bd6 21. a3 g5 22. Qh5 f6 23. g3 Be5 24. Rxe5 fxe5 25. Qxg5+ Kc8 26. Ne7+ Kc7 27. Nxc6 bxc6 28. Qe3 Qd4 29. Re1 Re8 30. Qd2 Rd8 31. Qa5+ Kd7 32. b4 Qc3 33. Rf1 cxb4 34. axb4 Rb8 35. Qxa6 Rxb4 36. Qa7+ Kd6 37. Qxh7 Qxd3 38. c5+ Kxc5 39. Qe7+ Qd6 40. Rc1+ Kd5 41. Qf7+ Qe6 42. Rc5+ 1-0

[Event "Kitchener"]
[Site "Kitchener"]
[Date "2010.08.02"]
[Round "6"]
[White "Demmery, Steve"]
[Black "Jung, Hans Rudolf"]
[Result "1-0"]
[WhiteElo "2122"]
[BlackElo "2132"]
[PlyCount "65"]
[EventDate "2010.07.30"]
[EventType "swiss"]
[EventRounds "7"]
[EventCountry "CAN"]
[SourceTitle "EXT 2022"]
[Source "ChessBase"]
[SourceDate "2021.10.06"]
[SourceVersion "1"]
[SourceVersionDate "2021.10.06"]
[SourceQuality "1"]

1. d4 e6 2. c4 Nf6 3. g3 Bb4+ 4. Nd2 c5 5. Ngf3 cxd4 6. Nxd4 Qb6 7. N4f3 Ne4 8. e3 Bxd2+ 9. Nxd2 Nxd2 10. Qxd2 Qc6 11. Rg1 0-0 12. b3 Qc5 13. Bb2 Nc6 14. 0-0-0 a5 15. a3 f6 16. Qc3 Qh5 17. h3 Rf7 18. g4 Qh4 19. Qc2 b6 20. f4 Bb7 21. g5 f5 22. g6 hxg6 23. Rxg6 Ne7 24. Rg5 d5 25. Qg2 g6 26. Be2 Kh7 27. Rg1 Rg8 28. Be5 Qh6 29. h4 Nc6 30. Rh5 Qxh5 31. Bxh5 Nxe5 32. fxe5 dxc4 33. Bxg6+ 1-0

[Event "Kitchener"]
[Site "Kitchener"]
[Date "2010.08.01"]
[Round "5"]
[White "Jung, Hans Rudolf"]
[Black "Guo, Josh"]
[Result "1/2-1/2"]
[WhiteElo "2132"]
[BlackElo "2118"]
[PlyCount "104"]
[EventDate "2010.07.30"]
[EventType "swiss"]
[EventRounds "7"]
[EventCountry "CAN"]
[SourceTitle "EXT 2022"]
[Source "ChessBase"]
[SourceDate "2021.10.06"]
[SourceVersion "1"]
[SourceVersionDate "2021.10.06"]
[SourceQuality "1"]

1. e4 c5 2. Nf3 d6 3. h3 Nc6 4. c3 Nf6 5. d3 g6 6. Be3 Bg7 7. Qc1 0-0 8. Bh6 b5 9. Bxg7 Kxg7 10. Be2 Bb7 11. 0-0 Rc8 12. Qe3 e5 13. Nh2 Qe7 14. f4 exf4 15. Qxf4 d5 16. Nd2 Rce8 17. Rf2 Qe5 18. Raf1 Qxf4 19. Rxf4 Nd7 20. R1f2 d4 21. Ng4 dxc3 22. bxc3 a6 23. Nf6 Nxf6 24. Rxf6 Ne5 25. d4 cxd4 26. cxd4 Nc4 27. Nxc4 bxc4 28. Bxc4 Bxe4 29. Rxf7+ Rxf7 30. Rxf7+ Kh6 31. d5 Rc8 32. Bb3 Bc2 33. d6 Bxb3 34. axb3 Rc2 35. Rf2 Rc1+ 36. Rf1 Rc8 37. d7 Rd8 38. Rf7 g5 39. g4 Kg6 40. Re7 h5 41. gxh5+ Kxh5 42. Kg2 Kg6 43. Re6+ Kf5 44. Rd6 Kf4 45. Rd1 a5 46. Kf2 g4 47. hxg4 Kxg4 48. Ke3 Kf5 49. Rd5+ Ke6 50. Kd4 Rxd7 51. Rxd7 Kxd7 52. Kc5 a4 1/2-1/2

[Event "Canadian op"]
[Site "Toronto"]
[Date "2010.07.10"]
[Round "1"]
[White "Jung, Hans Rudolf"]
[Black "Samsonkin, Artiom"]
[Result "0-1"]
[WhiteElo "2132"]
[BlackElo "2401"]
[PlyCount "72"]
[EventDate "2010.07.10"]
[EventType "swiss"]
[EventRounds "9"]
[EventCountry "CAN"]
[SourceTitle "CBM 137 Extra"]
[Source "ChessBase"]
[SourceDate "2010.09.01"]
[SourceVersion "1"]
[SourceVersionDate "2010.09.01"]
[SourceQuality "1"]

1. Nc3 c5 2. e4 e6 3. Nf3 Nc6 4. Bb5 Nd4 5. Nxd4 cxd4 6. Ne2 Nf6 7. Bd3 d5 8. e5 Nd7 9. f4 g5 10. f5 Nxe5 11. Bb5+ Bd7 12. Bxd7+ Qxd7 13. Nxd4 exf5 14. Qe2 f6 15. d3 0-0-0 16. Bd2 Nc6 17. Qf2 Bc5 18. Bc3 Rhe8+ 19. Kd2 f4 20. Rhe1 Re3 21. Rxe3 Nxd4 22. Re7 Qxe7 23. Bxd4 Bxd4 24. Qxd4 Re8 25. Rd1 Qe2+ 26. Kc1 Qe3+ 27. Qxe3 fxe3 28. Re1 f5 29. Kd1 Kd7 30. Ke2 f4 31. Kf3 Ke6 32. Kg4 Kf6 33. h4 h5+ 34. Kf3 Kf5 35. hxg5 h4 36. c4 Rg8 0-1

[Event "Kitchener Oktoberfest"]
[Site "Kitchener"]
[Date "2009.10.18"]
[Round "4"]
[White "Jung, Hans Rudolf"]
[Black "Plotkin, Victor"]
[Result "1-0"]
[WhiteElo "2225"]
[BlackElo "2337"]
[PlyCount "119"]
[EventDate "2009.10.16"]
[EventType "swiss"]
[EventRounds "5"]
[EventCountry "CAN"]
[SourceTitle "EXT 2011"]
[Source "ChessBase"]
[SourceDate "2010.11.26"]
[SourceVersion "1"]
[SourceVersionDate "2010.11.26"]
[SourceQuality "1"]

1. Nc3 e5 2. Nf3 Nc6 3. d4 exd4 4. Nxd4 Nf6 5. Bg5 h6 6. Bxf6 Qxf6 7. Ndb5 Qd8 8. Nd5 Bb4+ 9. Nxb4 Nxb4 10. Qd2 Nc6 11. Qe3+ Kf8 12. g3 a6 13. Nc3 d6 14. Bg2 Be6 15. 0-0 Qg5 16. f4 Qa5 17. a3 Re8 18. Qf2 Kg8 19. b4 Qf5 20. e4 Qf6 21. Nd5 Bxd5 22. exd5 Nd4 23. Rfe1 Kh7 24. c3 Nf5 25. Be4 g6 26. Qc2 Ng7 27. Rac1 Re7 28. Kf2 Rhe8 29. Bd3 Kg8 30. Rxe7 Rxe7 31. Re1 Rxe1 32. Kxe1 g5 33. fxg5 hxg5 34. Kd2 Qe5 35. Qb3 Ne8 36. Qc4 Kg7 37. Qe4 Qxe4 38. Bxe4 Kf6 39. Kd3 Ke5 40. c4 f5 41. Bg2 Nf6 42. a4 Nh5 43. a5 f4 44. g4 Nf6 45. h3 Nd7 46. Be4 Kf6 47. Kd4 Ne5 48. c5 dxc5+ 49. bxc5 c6 50. dxc6 Nxc6+ 51. Bxc6 bxc6 52. Ke4 f3 53. Kxf3 Ke5 54. Kg3 Kd5 55. h4 gxh4+ 56. Kxh4 Kxc5 57. g5 Kd6 58. Kh5 Ke7 59. Kh6 c5 60. g6 1-0

[Event "CAN-ch"]
[Site "Guelph"]
[Date "2009.08.16"]
[Round "9"]
[White "Panjwani, Raja"]
[Black "Jung, Hans Rudolf"]
[Result "1-0"]
[WhiteElo "2350"]
[BlackElo "2132"]
[PlyCount "117"]
[EventDate "2009.08.08"]
[EventType "swiss"]
[EventRounds "9"]
[EventCountry "CAN"]
[SourceTitle "CBM 132 Extra"]
[Source "ChessBase"]
[SourceDate "2009.11.03"]
[SourceVersion "1"]
[SourceVersionDate "2009.11.03"]
[SourceQuality "1"]

1. d4 d5 2. Bg5 h6 3. Bh4 c6 4. Nf3 Qb6 5. Qc1 g5 6. Bg3 g4 7. Ne5 Qxd4 8. e3 Qb6 9. c4 d4 10. Bd3 Nf6 11. 0-0 Nbd7 12. Nxd7 Nxd7 13. exd4 Qxd4 14. Rd1 Bg7 15. Nc3 Nf6 16. Bf1 Qc5 17. a3 Be6 18. b4 Qh5 19. Ne2 Qg5 20. Bf4 Qg6 21. Ng3 Nh5 22. Bd3 Nxg3 23. Bxg3 Bf5 24. Bxf5 Qxf5 25. Ra2 0-0 26. Rad2 a5 27. b5 Qc5 28. bxc6 bxc6 29. Bc7 f5 30. Rd7 Rf7 31. Bf4 Kh7 32. Bd6 Qb6 33. Bxe7 Ra7 34. c5 Qa6 35. Rxa7 Qxa7 36. Bd6 Qb7 37. Qc4 Bf6 38. Qa4 Qa6 39. Qb3 Kg6 40. Re1 Qb7 41. Rb1 Qa6 42. Qe3 Qc4 43. h3 h5 44. Rb8 Bg7 45. Qe8 Qe4 46. Rc8 Qb1+ 47. Kh2 gxh3 48. Rc7 Qa2 49. Rxf7 Qxf7 50. Qxc6 Kh7 51. Kxh3 Qe6 52. Qf3 Kg6 53. Qg3+ Kf7 54. Qg5 Qb3+ 55. Kh2 Qxa3 56. Qxf5+ Kg8 57. Qd5+ Kh7 58. c6 Qa4 59. Qf5+ 1-0

[Event "CAN-ch"]
[Site "Guelph"]
[Date "2009.08.12"]
[Round "5"]
[White "Jung, Hans Rudolf"]
[Black "Kaminski, Victor Kazimierz"]
[Result "1/2-1/2"]
[WhiteElo "2132"]
[BlackElo "2268"]
[PlyCount "124"]
[EventDate "2009.08.08"]
[EventType "swiss"]
[EventRounds "9"]
[EventCountry "CAN"]
[SourceTitle "CBM 132 Extra"]
[Source "ChessBase"]
[SourceDate "2009.11.03"]
[SourceVersion "1"]
[SourceVersionDate "2009.11.03"]
[SourceQuality "1"]

1. e4 c5 2. Nf3 Nc6 3. Bb5 g6 4. Bxc6 bxc6 5. h3 Bg7 6. e5 f6 7. Qe2 fxe5 8. Nxe5 d6 9. Ng4 e5 10. d3 Ne7 11. Qf3 Rf8 12. Qe4 h5 13. Nh2 Bf5 14. Qe2 Nd5 15. 0-0 Kf7 16. Nf3 Bf6 17. Na3 Re8 18. Nc4 e4 19. dxe4 Rxe4 20. Qd3 Kg8 21. Ncd2 Rb4 22. Qa6 Nc7 23. Qe2 Bxb2 24. Bxb2 Rxb2 25. Ne4 Rb4 26. Ng3 Be6 27. Qd2 Qf8 28. Qg5 Kh7 29. Nh4 Qh6 30. Qe7+ Qg7 31. Nxg6 Kxg6 32. Qxd6 Re8 33. Qxc5 Rb5 34. Qxc6 Qd7 35. Qe4+ Bf5 36. Qf3 Bxc2 37. Rfc1 Rc5 38. Nxh5 Qc6 39. Nf4+ Kg7 40. Qg4+ Kf7 41. Qh4 Qf6 42. Qxf6+ Kxf6 43. Nd3 Rc4 44. Nb4 Rxb4 45. Rxc2 Ne6 46. Re1 Nd4 47. Rxe8 Nxc2 48. Rc8 Nd4 49. h4 Ra4 50. h5 Ne2+ 51. Kf1 Nf4 52. Rc6+ Kg5 53. h6 Rxa2 54. Kg1 Rd2 55. h7 Rd8 56. Ra6 Rh8 57. Rxa7 Kh6 58. g3 Nh5 59. g4 Nf6 60. Ra6 Kg5 61. f4+ Kxf4 62. Rxf6+ Kxg4 1/2-1/2

[Event "CAN-ch"]
[Site "Guelph"]
[Date "2009.08.10"]
[Round "3"]
[White "Jung, Hans Rudolf"]
[Black "Porper, Edward"]
[Result "1/2-1/2"]
[WhiteElo "2132"]
[BlackElo "2448"]
[PlyCount "80"]
[EventDate "2009.08.08"]
[EventType "swiss"]
[EventRounds "9"]
[EventCountry "CAN"]
[SourceTitle "CBM 132 Extra"]
[Source "ChessBase"]
[SourceDate "2009.11.03"]
[SourceVersion "1"]
[SourceVersionDate "2009.11.03"]
[SourceQuality "1"]

1. e4 e6 2. d4 d5 3. exd5 exd5 4. Nf3 Nc6 5. Bf4 Bd6 6. Bxd6 Qxd6 7. c3 Nf6 8. Bd3 0-0 9. 0-0 Ne4 10. Nbd2 f5 11. Qb3 Kh8 12. Rfe1 Be6 13. Qc2 Qf4 14. Re2 Rf6 15. Nf1 g5 16. Qc1 Qxc1 17. Rxc1 g4 18. N3d2 Rg8 19. Bb5 Ne7 20. c4 Nxd2 21. Nxd2 c6 22. Rce1 Rgg6 23. cxd5 Nxd5 24. Bc4 b5 25. Bxd5 Bxd5 26. Re8+ Kg7 27. R1e7+ Rf7 28. Rxf7+ Bxf7 29. Ra8 Rd6 30. Nb3 Rd7 31. Kf1 Re7 32. f3 gxf3 33. gxf3 f4 34. Nc1 Kf6 35. b3 Kg5 36. Kf2 Bd5 37. Nd3 Re3 38. Ne1 Re7 39. Nd3 Re3 40. Ne1 Re7 1/2-1/2

[Event "CAN-ch"]
[Site "Guelph"]
[Date "2009.08.09"]
[Round "2"]
[White "Bluvshtein, Mark"]
[Black "Jung, Hans Rudolf"]
[Result "1-0"]
[WhiteElo "2558"]
[BlackElo "2132"]
[PlyCount "97"]
[EventDate "2009.08.08"]
[EventType "swiss"]
[EventRounds "9"]
[EventCountry "CAN"]
[SourceTitle "CBM 132 Extra"]
[Source "ChessBase"]
[SourceDate "2009.11.03"]
[SourceVersion "1"]
[SourceVersionDate "2009.11.03"]
[SourceQuality "1"]

1. d4 Nf6 2. c4 e6 3. Nc3 Nc6 4. Nf3 d5 5. Bg5 Be7 6. e3 dxc4 7. Bxc4 Nd5 8. Bxe7 Ncxe7 9. Rc1 Nxc3 10. Rxc3 Bd7 11. 0-0 0-0 12. Bd3 Ng6 13. Be4 c6 14. Bb1 Re8 15. Qd3 Qe7 16. Rfc1 Rad8 17. Ra3 a6 18. Rac3 f6 19. Qc4 Nf8 20. e4 Kh8 21. e5 f5 22. Qd3 g5 23. Qe3 g4 24. Nd2 Ng6 25. Nc4 Rg8 26. Qh6 Qg7 27. Qxg7+ Rxg7 28. Nd6 Bc8 29. Kf1 Kg8 30. a4 Rgd7 31. Re1 Rxd6 32. exd6 Rxd6 33. Bxf5 Rxd4 34. Rd3 Rxd3 35. Bxd3 Kf7 36. a5 Nf8 37. Re4 e5 38. Rxe5 Nd7 39. Bc4+ Kf8 40. Rf5+ Ke7 41. Rf7+ Kd6 42. Rxh7 Ne5 43. Be2 Bd7 44. h4 gxh3 45. gxh3 c5 46. f4 Nc6 47. Bg4 Bxg4 48. hxg4 Nxa5 49. g5 1-0

[Event "Kitchener Masters2"]
[Site "Kitchener"]
[Date "2008.04.05"]
[Round "?"]
[White "Jung, Hans Rudolf"]
[Black "Raats, Dan"]
[Result "1-0"]
[WhiteElo "2216"]
[BlackElo "2085"]
[PlyCount "83"]
[EventDate "2008.04.05"]
[EventType "tourn"]
[EventRounds "3"]
[EventCountry "CAN"]
[SourceTitle "EXT 2011"]
[Source "ChessBase"]
[SourceDate "2010.11.26"]
[SourceVersion "1"]
[SourceVersionDate "2010.11.26"]
[SourceQuality "1"]

1. e4 e6 2. Qe2 c5 3. g3 Nc6 4. Nf3 g6 5. Bg2 Bg7 6. 0-0 d6 7. c3 Nge7 8. a4 Na5 9. d4 Bd7 10. dxc5 dxc5 11. Be3 Qc7 12. Nbd2 0-0 13. e5 Nd5 14. Ne4 c4 15. Bc5 Rfe8 16. Bd6 Qb6 17. Nd4 Nc6 18. Bc5 Qa5 19. f4 Nxd4 20. cxd4 b6 21. Ba3 Bc6 22. Nd6 Red8 23. Qxc4 Qxa4 24. Qd3 Rxd6 25. Bxd6 Qb5 26. Qxb5 Bxb5 27. Rfc1 a5 28. Bxd5 exd5 29. b3 Bf8 30. Bxf8 Kxf8 31. Rc7 Bd3 32. Rb7 b5 33. Rc1 a4 34. bxa4 Rxa4 35. Rcc7 Bf5 36. Rxf7+ Ke8 37. Rxh7 Ra1+ 38. Kf2 Ra2+ 39. Ke1 Ra1+ 40. Kd2 Ra2+ 41. Kc3 Rc2+ 42. Kb3 1-0